Databáze bank a jejich obchodních míst v ČR

Bázu dát "Banky a jejich obchodní místa v ČR" vytvorilo Národní informační středisko (NIS) na základe odbornej a metodickej spolupráce s pracovníkmi českých bánk. Dáta o bankách sú rozdelené do štyroch základných blokov informácií: 1. údaje o banke, 2. služby poskytované právnickým osobám, 3. služby...

Ausführliche Beschreibung

Gespeichert in:
Bibliographische Detailangaben
1. Verfasser: Vašáková, M.
Weitere Verfasser: Fabiánek, J.
Format: Buchkapitel
Sprache:Tschechisch
Schlagworte:
Tags: Tag hinzufügen
Keine Tags, Fügen Sie das erste Tag hinzu!

MARC

LEADER 00000naa a2200000 4500
001 r020715
005 20230908090449.8
041 0 |a cze 
044 |a CZ 
245 1 0 |a Databáze bank a jejich obchodních míst v ČR  |c M. Vašáková, J. Fabiánek 
520 |a Bázu dát "Banky a jejich obchodní místa v ČR" vytvorilo Národní informační středisko (NIS) na základe odbornej a metodickej spolupráce s pracovníkmi českých bánk. Dáta o bankách sú rozdelené do štyroch základných blokov informácií: 1. údaje o banke, 2. služby poskytované právnickým osobám, 3. služby poskytované fyzickým osobám, 4. informácie o pobočkovej sieti bánk. 
610 2 0 |a banky 
610 2 0 |a báza dát 
610 2 0 |a Česko 
610 2 0 |a informácie 
610 2 0 |a služby bankové 
100 1 |a Vašáková, M. 
700 1 |a Fabiánek, J.